Opening Men's Eyes : (Record no. 299908)

MARC details
000 -LEADER
fixed length control field 00507nam a2200181Ia 4500
003 - CONTROL NUMBER IDENTIFIER
control field 330010
005 - DATE AND TIME OF LATEST TRANSACTION
control field 20260529112510.0
008 - FIXED-LENGTH DATA ELEMENTS--GENERAL INFORMATION
fixed length control field 210817s9999 xx 000 0 und d
020 ## - INTERNATIONAL STANDARD BOOK NUMBER
International Standard Book Number 9781868423927
040 ## - CATALOGING SOURCE
Transcribing agency 3228
082 #0 - DEWEY DECIMAL CLASSIFICATION NUMBER
Classification number 920 CARD
100 ## - MAIN ENTRY--PERSONAL NAME
Personal name Michael Cardo
9 (RLIN) 21562
245 #0 - TITLE STATEMENT
Title Opening Men's Eyes :
Remainder of title Peter Brown And The Liberal Struggle For South Africa
250 ## - EDITION STATEMENT
Edition statement 1st Ed.
260 ## - PUBLICATION, DISTRIBUTION, ETC.
Place of publication, distribution, etc. Jeppestown
Name of publisher, distributor, etc. Jonathan Ball Publishers
Date of publication, distribution, etc. 2010
300 ## - PHYSICAL DESCRIPTION
Extent 368 pages
Dimensions 23 cm
942 ## - ADDED ENTRY ELEMENTS
item type Books
Source of classification or shelving scheme Dewey Decimal Classification
-- 190
-- Dudu Mondlane
Holdings
Withdrawn status Lost status Damaged status Not for loan Home library Current library Date acquired Cost, normal purchase price Total Checkouts Barcode Date last seen Price effective from item type Source of classification or shelving scheme Shelving location Full call number Date last checked out Collection code
        Kabokweni Kabokweni 19.08.2021 80.00   3322810058542 19.08.2021 19.08.2021 Books          
        Kanyamazane Kanyamazane 15.01.2024   1 3322830032145 29.05.2026 15.01.2024 Books Dewey Decimal Classification Non Fiction 920 CARD 15.01.2024  
        Kanyamazane Kanyamazane 29.05.2026     33228017747716 29.05.2026 29.05.2026 Books Dewey Decimal Classification Non Fiction 920 CARD   900: History & Geography